{"text_format":"3","workbook":"xlsx","n_sheets":1,"sheets":["t434"],"read":"whole","date_system":"1900"}

{"sheet":"t434","index":0,"n_rows":195,"n_cols":7,"rows_kept":195,"merged":[[0,0,0,6],[30,0,30,5],[49,0,49,5],[156,0,156,5]]}
["TABELA 434.1 - Estatísticas Agrícolas, Município de Pirapozinho, Estado de São Paulo, 2007/08."]
["ITEM","UNIDADE","N.DE UPAs","MÍNIMO","MÉDIO","MÁXIMO","TOTAL"]
["Distância à sede do município","km",441,0.3,{"v":9.04,"d":"9.0"},{"v":62,"d":"62.0"},"-"]
["Área total","hectare",441,0.5,{"v":96.98,"d":"97.0"},{"v":4366,"d":"4,366.0"},{"v":42768.7,"d":"42,768.7"}]
["Área com cultura perene","hectare",49,0.2,{"v":1.47,"d":"1.5"},7.2,72.1]
["Área com cultura temporária","hectare",160,0.1,128.6,{"v":3000,"d":"3,000.0"},{"v":20575.5,"d":"20,575.5"}]
["Área com pastagem","hectare",422,0.4,{"v":47.89,"d":"47.9"},{"v":1204,"d":"1,204.0"},{"v":20211.3,"d":"20,211.3"}]
["Área com reflorestamento","hectare",107,0.1,{"v":2.23,"d":"2.2"},{"v":41,"d":"41.0"},238.8]
["Área com vegetação natural","hectare",141,0.1,{"v":10.18,"d":"10.2"},196.8,{"v":1434.8,"d":"1,434.8"}]
["Área com vegetação de brejo e várzea","hectare",27,0.1,{"v":1.41,"d":"1.4"},{"v":7,"d":"7.0"},{"v":38.16,"d":"38.2"}]
["Área em descanso","hectare",2,{"v":1,"d":"1.0"},1.1,1.2,2.2]
["Área complementar","hectare",375,0.1,{"v":0.52,"d":"0.5"},5.5,{"v":195.84,"d":"195.8"}]
["Área das UPAs com (0, 1] ha","hectare",2,0.5,{"v":0.65,"d":"0.7"},0.8,1.3]
["Área das UPAs com (1, 2] ha","hectare",6,1.2,{"v":1.57,"d":"1.6"},1.8,9.4]
["Área das UPAs com (2, 5] ha","hectare",99,2.4,{"v":3.74,"d":"3.7"},4.9,370.3]
["Área das UPAs com (5, 10] ha","hectare",62,5.1,{"v":7.38,"d":"7.4"},9.9,457.5]
["Área das UPAs com (10, 20] ha","hectare",59,10.2,{"v":15.24,"d":"15.2"},19.4,{"v":899,"d":"899.0"}]
["Área das UPAs com (20, 50] ha","hectare",97,20.5,31.8,48.4,{"v":3085,"d":"3,085.0"}]
["Área das UPAs com (50, 100] ha","hectare",51,50.7,{"v":72.19,"d":"72.2"},99.5,{"v":3681.7,"d":"3,681.7"}]
["Área das UPAs com (100, 200] ha","hectare",19,107.8,{"v":145.86,"d":"145.9"},198.4,{"v":2771.3,"d":"2,771.3"}]
["Área das UPAs com (200, 500] ha","hectare",24,200.8,{"v":287.19,"d":"287.2"},465.8,{"v":6892.5,"d":"6,892.5"}]
["Área das UPAs com (500, 1.000] ha","hectare",13,{"v":521,"d":"521.0"},{"v":673.56,"d":"673.6"},999.1,{"v":8756.3,"d":"8,756.3"}]
["Área das UPAs com (1.000, 2.000] ha","hectare",7,{"v":1040.6,"d":"1,040.6"},{"v":1311.34,"d":"1,311.3"},{"v":1864.8,"d":"1,864.8"},{"v":9179.4,"d":"9,179.4"}]
["Área das UPAs com (2.000, 5.000] ha","hectare",2,{"v":2299,"d":"2,299.0"},{"v":3332.5,"d":"3,332.5"},{"v":4366,"d":"4,366.0"},{"v":6665,"d":"6,665.0"}]
["Área das UPAs com (5.000, 10.000] ha","hectare","-","-","-","-","-"]
["Área das UPAs acima de 10.000 ha","hectare","-","-","-","-","-"]
["Familiares do proprietário que trabalham na UPA","unidade",298,{"v":1,"d":"1.0"},{"v":1.43,"d":"1.4"},{"v":10,"d":"10.0"},{"v":426,"d":"426.0"}]
["Trabalhadores permanentes","unidade",136,{"v":1,"d":"1.0"},{"v":3.35,"d":"3.4"},{"v":150,"d":"150.0"},{"v":456,"d":"456.0"}]
["Fonte: Secretaria de Agricultura e Abastecimento, CDRS/IEA, Projeto LUPA."]
[]
["TABELA 434.2 - Explorações Animais, Município de Pirapozinho, Estado de São Paulo, 2007/08."]
["ITEM","UNIDADE","N.DE UPAs","MÍNIMO","MÉDIO","MÁXIMO","TOTAL"]
["Asininos E Muares","cabeças",29,{"v":1,"d":"1.0"},{"v":1.28,"d":"1.3"},{"v":3,"d":"3.0"},{"v":37,"d":"37.0"}]
["Avestruzes e Ema (Criadouro)","cabeças",1,{"v":1,"d":"1.0"},{"v":1,"d":"1.0"},{"v":1,"d":"1.0"},{"v":1,"d":"1.0"}]
["Avicultura Ornamental/Decorativa/Exótica","cabeças",1,{"v":30,"d":"30.0"},{"v":30,"d":"30.0"},{"v":30,"d":"30.0"},{"v":30,"d":"30.0"}]
["Avicultura para Ovos","cabeças",3,{"v":50,"d":"50.0"},{"v":6383.33,"d":"6,383.3"},{"v":15000,"d":"15,000.0"},{"v":19150,"d":"19,150.0"}]
["Bovinocultura de Corte","cabeças",180,{"v":4,"d":"4.0"},{"v":114.42,"d":"114.4"},{"v":1000,"d":"1,000.0"},{"v":20596,"d":"20,596.0"}]
["Bovinocultura Leiteira","cabeças",69,{"v":2,"d":"2.0"},{"v":33.91,"d":"33.9"},{"v":150,"d":"150.0"},{"v":2340,"d":"2,340.0"}]
["Bovinocultura Mista","cabeças",169,{"v":1,"d":"1.0"},{"v":42.43,"d":"42.4"},{"v":1228,"d":"1,228.0"},{"v":7171,"d":"7,171.0"}]
["Bubalinocultura","cabeças",2,{"v":22,"d":"22.0"},{"v":26,"d":"26.0"},{"v":30,"d":"30.0"},{"v":52,"d":"52.0"}]
["Caprinocultura","cabeças",9,{"v":1,"d":"1.0"},{"v":9.56,"d":"9.6"},{"v":45,"d":"45.0"},{"v":86,"d":"86.0"}]
["Codornicultura","cabeças",1,{"v":6,"d":"6.0"},{"v":6,"d":"6.0"},{"v":6,"d":"6.0"},{"v":6,"d":"6.0"}]
["Equinocultura","cabeças",254,{"v":1,"d":"1.0"},{"v":4.08,"d":"4.1"},{"v":200,"d":"200.0"},{"v":1037,"d":"1,037.0"}]
["Ovinocultura","cabeças",34,{"v":1,"d":"1.0"},{"v":39.41,"d":"39.4"},{"v":190,"d":"190.0"},{"v":1340,"d":"1,340.0"}]
["Piscicultura","m² tanques",3,{"v":1,"d":"1.0"},{"v":200.67,"d":"200.7"},{"v":600,"d":"600.0"},{"v":602,"d":"602.0"}]
["Sericicultura","gramas larvas/ano",3,{"v":80,"d":"80.0"},{"v":140,"d":"140.0"},{"v":180,"d":"180.0"},{"v":420,"d":"420.0"}]
["Suinocultura","cabeças",63,{"v":1,"d":"1.0"},30.1,{"v":650,"d":"650.0"},{"v":1896,"d":"1,896.0"}]
["Fonte: Secretaria de Agricultura e Abastecimento, CDRS/IEA, Projeto LUPA."]
[]
["TABELA 434.3 -  Máquinas, Implementos e Benfeitorias, Município de Pirapozinho, Estado de São Paulo, 2007/08."]
["ITEM","UNIDADE","N.DE UPAs","MÍNIMO","MÉDIO","MÁXIMO","TOTAL"]
["Arado Comum (Bacia, Aiveca)","Unidade",83,{"v":1,"d":"1.0"},{"v":1.47,"d":"1.5"},{"v":5,"d":"5.0"},{"v":122,"d":"122.0"}]
["Arado Escarificador","Unidade",2,{"v":1,"d":"1.0"},1.5,{"v":2,"d":"2.0"},{"v":3,"d":"3.0"}]
["Arado Subsolador","Unidade",6,{"v":1,"d":"1.0"},{"v":1,"d":"1.0"},{"v":1,"d":"1.0"},{"v":6,"d":"6.0"}]
["Batedeira de Cereais","Unidade",16,{"v":1,"d":"1.0"},{"v":1.13,"d":"1.1"},{"v":2,"d":"2.0"},{"v":18,"d":"18.0"}]
["Câmara Fria","Unidade",5,{"v":1,"d":"1.0"},1.2,{"v":2,"d":"2.0"},{"v":6,"d":"6.0"}]
["Colhedeira Acoplada","Unidade",11,{"v":1,"d":"1.0"},{"v":1.09,"d":"1.1"},{"v":2,"d":"2.0"},{"v":12,"d":"12.0"}]
["Colhedeira Automotriz","Unidade",5,{"v":1,"d":"1.0"},1.4,{"v":3,"d":"3.0"},{"v":7,"d":"7.0"}]
["Conj.Irrigação Convencional","Unidade",3,{"v":1,"d":"1.0"},{"v":1.33,"d":"1.3"},{"v":2,"d":"2.0"},{"v":4,"d":"4.0"}]
["Conj.Irrigação Pivot Central","Unidade",1,{"v":1,"d":"1.0"},{"v":1,"d":"1.0"},{"v":1,"d":"1.0"},{"v":1,"d":"1.0"}]
["Conj.Irrigação/Gotejamento/Microaspersão","Unidade",6,{"v":1,"d":"1.0"},{"v":1,"d":"1.0"},{"v":1,"d":"1.0"},{"v":6,"d":"6.0"}]
["Desintegrador, Picador, Triturador","Unidade",111,{"v":1,"d":"1.0"},1.1,{"v":4,"d":"4.0"},{"v":122,"d":"122.0"}]
["Distribuidor de Calcário","Unidade",24,{"v":1,"d":"1.0"},{"v":1.29,"d":"1.3"},{"v":3,"d":"3.0"},{"v":31,"d":"31.0"}]
["Ensiladeira","Unidade",14,{"v":1,"d":"1.0"},{"v":1.36,"d":"1.4"},{"v":3,"d":"3.0"},{"v":19,"d":"19.0"}]
["Grade Aradora (Tipo Romi)","Unidade",55,{"v":1,"d":"1.0"},{"v":1.31,"d":"1.3"},{"v":3,"d":"3.0"},{"v":72,"d":"72.0"}]
["Grade Niveladora","Unidade",62,{"v":1,"d":"1.0"},{"v":1.52,"d":"1.5"},{"v":15,"d":"15.0"},{"v":94,"d":"94.0"}]
["Implementos para Tração Animal","Unidade",22,{"v":1,"d":"1.0"},{"v":3.36,"d":"3.4"},{"v":10,"d":"10.0"},{"v":74,"d":"74.0"}]
["Microtrator","Unidade",3,{"v":1,"d":"1.0"},{"v":1,"d":"1.0"},{"v":1,"d":"1.0"},{"v":3,"d":"3.0"}]
["Misturador de Ração","Unidade",5,{"v":1,"d":"1.0"},{"v":1,"d":"1.0"},{"v":1,"d":"1.0"},{"v":5,"d":"5.0"}]
["Ordenhadeira Mecânica","Unidade",6,{"v":1,"d":"1.0"},{"v":1.17,"d":"1.2"},{"v":2,"d":"2.0"},{"v":7,"d":"7.0"}]
["Pulverizador Tratorizado","Unidade",14,{"v":1,"d":"1.0"},{"v":1.36,"d":"1.4"},{"v":3,"d":"3.0"},{"v":19,"d":"19.0"}]
["Resfriador de Leite, Tanque Expansão","Unidade",9,{"v":1,"d":"1.0"},{"v":1,"d":"1.0"},{"v":1,"d":"1.0"},{"v":9,"d":"9.0"}]
["Semeadeira/Adubadeira para Plantio Convencional","Unidade",21,{"v":1,"d":"1.0"},{"v":1.48,"d":"1.5"},{"v":10,"d":"10.0"},{"v":31,"d":"31.0"}]
["Semeadeira/Plantadeira Plantio Direto","Unidade",6,{"v":1,"d":"1.0"},{"v":1.67,"d":"1.7"},{"v":3,"d":"3.0"},{"v":10,"d":"10.0"}]
["Terraceador","Unidade",3,{"v":1,"d":"1.0"},{"v":1.67,"d":"1.7"},{"v":3,"d":"3.0"},{"v":5,"d":"5.0"}]
["Trator de Pneus","Unidade",93,{"v":1,"d":"1.0"},{"v":1.51,"d":"1.5"},{"v":5,"d":"5.0"},{"v":140,"d":"140.0"}]
["Açude/Represa","Unidade",162,{"v":1,"d":"1.0"},{"v":1.85,"d":"1.9"},{"v":6,"d":"6.0"},{"v":299,"d":"299.0"}]
["Almoxarifado/Oficina","Unidade",3,{"v":1,"d":"1.0"},{"v":1,"d":"1.0"},{"v":1,"d":"1.0"},{"v":3,"d":"3.0"}]
["Armazém para Grãos Ensacados","Sacas",2,{"v":1,"d":"1.0"},{"v":1,"d":"1.0"},{"v":1,"d":"1.0"},{"v":2,"d":"2.0"}]
["Balança para Bovinos","Unidade",8,{"v":1,"d":"1.0"},{"v":1,"d":"1.0"},{"v":1,"d":"1.0"},{"v":8,"d":"8.0"}]
["Balança para Veículos","Unidade",2,{"v":1,"d":"1.0"},{"v":1,"d":"1.0"},{"v":1,"d":"1.0"},{"v":2,"d":"2.0"}]
["Barracão para Bicho da Seda/Sirgaria","Unidade",5,{"v":1,"d":"1.0"},{"v":2,"d":"2.0"},{"v":5,"d":"5.0"},{"v":10,"d":"10.0"}]
["Barracão para Granja/Avicultura","Unidade",5,{"v":1,"d":"1.0"},4.6,{"v":12,"d":"12.0"},{"v":23,"d":"23.0"}]
["Barracão/Galpão/Garagem","Unidade",139,{"v":1,"d":"1.0"},{"v":1.29,"d":"1.3"},{"v":3,"d":"3.0"},{"v":180,"d":"180.0"}]
["Biodigestor","Unidade",1,{"v":1,"d":"1.0"},{"v":1,"d":"1.0"},{"v":1,"d":"1.0"},{"v":1,"d":"1.0"}]
["Casa de Moradia Habitada","Unidade",262,{"v":1,"d":"1.0"},{"v":1.45,"d":"1.5"},{"v":8,"d":"8.0"},{"v":381,"d":"381.0"}]
["Casa de Moradia Total","Unidade",340,{"v":1,"d":"1.0"},{"v":1.77,"d":"1.8"},{"v":9,"d":"9.0"},{"v":601,"d":"601.0"}]
["Curral/Mangueira","Unidade",269,{"v":1,"d":"1.0"},{"v":1.03,"d":"1.0"},{"v":2,"d":"2.0"},{"v":277,"d":"277.0"}]
["Depósito/Tulha","Unidade",211,{"v":1,"d":"1.0"},{"v":1.28,"d":"1.3"},{"v":6,"d":"6.0"},{"v":270,"d":"270.0"}]
["Engenho","Unidade",2,{"v":1,"d":"1.0"},{"v":1,"d":"1.0"},{"v":1,"d":"1.0"},{"v":2,"d":"2.0"}]
["Estábulo","Unidade",42,{"v":1,"d":"1.0"},{"v":1,"d":"1.0"},{"v":1,"d":"1.0"},{"v":42,"d":"42.0"}]
["Estufa/Plasticultura","m²",1,{"v":1,"d":"1.0"},{"v":1,"d":"1.0"},{"v":1,"d":"1.0"},{"v":1,"d":"1.0"}]
["Fábrica de Farinha","Unidade",1,{"v":1,"d":"1.0"},{"v":1,"d":"1.0"},{"v":1,"d":"1.0"},{"v":1,"d":"1.0"}]
["Fábrica de Ração","Unidade",1,{"v":1,"d":"1.0"},{"v":1,"d":"1.0"},{"v":1,"d":"1.0"},{"v":1,"d":"1.0"}]
["Instalações para Equinos","Unidade",7,{"v":1,"d":"1.0"},{"v":11,"d":"11.0"},{"v":44,"d":"44.0"},{"v":77,"d":"77.0"}]
["Máquina de Benefício","Unidade",4,{"v":1,"d":"1.0"},{"v":1.25,"d":"1.3"},{"v":2,"d":"2.0"},{"v":5,"d":"5.0"}]
["Olaria","Unidade",1,{"v":1,"d":"1.0"},{"v":1,"d":"1.0"},{"v":1,"d":"1.0"},{"v":1,"d":"1.0"}]
["Packing House","Unidade",1,{"v":1,"d":"1.0"},{"v":1,"d":"1.0"},{"v":1,"d":"1.0"},{"v":1,"d":"1.0"}]
["Pocilga","Unidade",19,{"v":1,"d":"1.0"},{"v":1.11,"d":"1.1"},{"v":3,"d":"3.0"},{"v":21,"d":"21.0"}]
["Poço Semi-Artesiano","Unidade",144,{"v":1,"d":"1.0"},{"v":1.05,"d":"1.1"},{"v":2,"d":"2.0"},{"v":151,"d":"151.0"}]
["Secador de Grãos","Unidade",2,{"v":1,"d":"1.0"},{"v":1,"d":"1.0"},{"v":1,"d":"1.0"},{"v":2,"d":"2.0"}]
["Silo para Grãos","t",1,{"v":1,"d":"1.0"},{"v":1,"d":"1.0"},{"v":1,"d":"1.0"},{"v":1,"d":"1.0"}]
["Silo para Silagem","t",3,{"v":1,"d":"1.0"},{"v":7.33,"d":"7.3"},{"v":20,"d":"20.0"},{"v":22,"d":"22.0"}]
["Terreiro","m²",4,{"v":1,"d":"1.0"},{"v":25.75,"d":"25.8"},{"v":100,"d":"100.0"},{"v":103,"d":"103.0"}]
["Usina de Açúcar/destilaria","Unidade",1,{"v":1,"d":"1.0"},{"v":1,"d":"1.0"},{"v":1,"d":"1.0"},{"v":1,"d":"1.0"}]
["Fonte: Secretaria de Agricultura e Abastecimento, CDRS/IEA, Projeto LUPA."]
[]
["TABELA 434.4 - Outras Estatísticas Agrícolas, Município de Pirapozinho, Estado de São Paulo, 2007/08."]
["ITEM","Número de UPAs",null,"Percentual"]
["Faz Parte de Associação de Produtores",124,null,{"v":28.117913832199545,"d":"28.1"}]
["Faz Parte de Cooperativa de Produtores",157,null,{"v":35.600907029478456,"d":"35.6"}]
["Faz Parte do Sindicato de Produtores",190,null,{"v":43.083900226757365,"d":"43.1"}]
["Não utiliza assistência técnica ",72,null,{"v":16.3265306122449,"d":"16.3"}]
["Utiliza somente assistência técnica governamental ",242,null,{"v":54.87528344671202,"d":"54.9"}]
["Utiliza somente assistência técnica privada ",73,null,{"v":16.55328798185941,"d":"16.6"}]
["Utiliza assistência técnica tanto governamental quanto privada",54,null,{"v":12.244897959183673,"d":"12.2"}]
["Utiliza Crédito Rural",15,null,{"v":3.401360544217687,"d":"3.4"}]
["Utiliza Seguro Rural","-",null,"-"]
["Utiliza Escrituração Agrícola",273,null,{"v":61.904761904761905,"d":"61.9"}]
["Acessa Internet p/ Fins na Agropecuária","-",null,"-"]
["Utiliza Computador nas Atividades Agropecuárias",1,null,{"v":0.22675736961451248,"d":"0.2"}]
["Utiliza Energia Elétrica Para Uso na Atividade Agrícola",360,null,{"v":81.63265306122447,"d":"81.6"}]
["Realiza Análise de Solo, quando necessário",92,null,{"v":20.86167800453515,"d":"20.9"}]
["Utiliza Práticas de Conservação de Solo, quando necessário",157,null,{"v":35.600907029478456,"d":"35.6"}]
["Faz Adubação Mineral, quando necessário",181,null,{"v":41.043083900226755,"d":"41.0"}]
["Faz Adubação Orgânica, quando necessário",64,null,{"v":14.512471655328799,"d":"14.5"}]
["Faz Adubação Verde, quando necessário",2,null,{"v":0.45351473922902497,"d":"0.5"}]
["Utiliza Manejo Integrado de Pragas (MIP)","-",null,"-"]
["Utiliza Hidroponia","-",null,"-"]
["Utiliza Plasticultura","-",null,"-"]
["Utiliza Mudas Fiscalizadas",230,null,{"v":52.15419501133787,"d":"52.2"}]
["Utiliza Semente Melhorada",274,null,{"v":62.131519274376416,"d":"62.1"}]
["Faz Confinamento de Bovinos",2,null,{"v":0.45351473922902497,"d":"0.5"}]
["Utiliza Pastejo Intensivo",9,null,{"v":2.0408163265306123,"d":"2.0"}]
["Faz Inseminação Artificial",2,null,{"v":0.45351473922902497,"d":"0.5"}]
["Faz Mineralização do Rebanho",394,null,{"v":89.3424036281179,"d":"89.3"}]
["Faz Vermifugação do Rebanho",393,null,{"v":89.1156462585034,"d":"89.1"}]
["Possui Parceiros /Arrendatários na Exploração Animal",33,null,{"v":7.482993197278912,"d":"7.5"}]
["Esporte e lazer","-",null,"-"]
["Extração mineral","-",null,"-"]
["Hotel Fazenda, Pousada ou SPA","-",null,"-"]
["Pesque-pague",2,null,{"v":0.45351473922902497,"d":"0.5"}]
["Restaurante ou Lanchonete","-",null,"-"]
["Transformação artesanal","-",null,"-"]
["Turismo rural ou ecoturismo","-",null,"-"]
["Outras atividades econômicas rurais","-",null,"-"]
["Agroindústria","-",null,"-"]
["Proprietário sem instrução ou com instrução incompleta",26,null,{"v":5.895691609977324,"d":"5.9"}]
["Proprietário com antigo primário completo",220,null,{"v":49.88662131519275,"d":"49.9"}]
["Proprietário com 1° grau (ou antigo ginasial) completo",43,null,{"v":9.750566893424036,"d":"9.8"}]
["Proprietário com 2° grau (ou antigo colegial) completo",58,null,{"v":13.151927437641724,"d":"13.2"}]
["Proprietário com curso superior completo ",90,null,{"v":20.408163265306122,"d":"20.4"}]
["Pessoa Jurídica",4,null,{"v":0.9070294784580499,"d":"0.9"}]
["Proprietário residente na própria UPA ",115,null,{"v":26.077097505668934,"d":"26.1"}]
["Fonte: Secretaria de Agricultura e Abastecimento, CDRS/IEA, Projeto LUPA."]
[]
["TABELA 434.5 - Área Cultivada, Município de Pirapozinho, Estado de São Paulo, 2007/08."]
["CULTURA","N.DE UPAs","MÍNIMO","MÉDIO","MÁXIMO","TOTAL"]
["Braquiaria",322,0.4,{"v":53.98,"d":"54.0"},{"v":1204,"d":"1,204.0"},{"v":17382.1,"d":"17,382.1"}]
["Cana-de-acucar",113,0.1,{"v":148.23,"d":"148.2"},{"v":3000,"d":"3,000.0"},{"v":16749.5,"d":"16,749.5"}]
["Gramas",122,0.2,23.1,{"v":175,"d":"175.0"},{"v":2818.8,"d":"2,818.8"}]
["Milho",31,0.2,{"v":68.29,"d":"68.3"},{"v":2000.6,"d":"2,000.6"},{"v":2117.1,"d":"2,117.1"}]
["Soja",3,{"v":30,"d":"30.0"},{"v":429.67,"d":"429.7"},{"v":847,"d":"847.0"},{"v":1289,"d":"1,289.0"}]
["Batata-doce",22,2.4,{"v":11.63,"d":"11.6"},{"v":36,"d":"36.0"},255.8]
["Eucalipto",102,0.1,2.1,{"v":41,"d":"41.0"},214.7]
["Algodao",3,1.2,{"v":27,"d":"27.0"},43.5,{"v":81,"d":"81.0"}]
["Abobora (ou jerimum)",3,1.2,9.5,19.3,28.5]
["Cafe",26,0.2,{"v":1.08,"d":"1.1"},2.4,{"v":28,"d":"28.0"}]
["Outras florestais",6,0.1,{"v":4.02,"d":"4.0"},{"v":12,"d":"12.0"},24.1]
["Sorgo",1,{"v":24,"d":"24.0"},{"v":24,"d":"24.0"},{"v":24,"d":"24.0"},{"v":24,"d":"24.0"}]
["Mandioca",23,0.1,{"v":0.69,"d":"0.7"},{"v":5,"d":"5.0"},15.8]
["Amora (ou amora-branca)",6,0.5,{"v":2.33,"d":"2.3"},7.2,{"v":14,"d":"14.0"}]
["Coco-da-baia",8,0.2,{"v":1.69,"d":"1.7"},4.8,13.5]
["Capim-napier (ou capim-elefante)",4,0.6,2.3,{"v":5,"d":"5.0"},9.2]
["Amendoim",4,0.3,{"v":1.58,"d":"1.6"},3.5,6.3]
["Seringueira",2,2.4,2.4,2.4,4.8]
["Fruta-do-conde (ou pinha, ou anona)",1,4.6,4.6,4.6,4.6]
["Chuchu",1,{"v":4,"d":"4.0"},{"v":4,"d":"4.0"},{"v":4,"d":"4.0"},{"v":4,"d":"4.0"}]
["Maracuja",2,1.2,1.8,2.4,3.6]
["Feijao",1,2.4,2.4,2.4,2.4]
["Horta domestica",8,0.1,{"v":0.25,"d":"0.3"},0.5,{"v":2,"d":"2.0"}]
["Feijao-de-corda",1,{"v":2,"d":"2.0"},{"v":2,"d":"2.0"},{"v":2,"d":"2.0"},{"v":2,"d":"2.0"}]
["Bambu",2,0.6,0.8,{"v":1,"d":"1.0"},1.6]
["Coloniao",1,1.2,1.2,1.2,1.2]
["Banana",1,1.2,1.2,1.2,1.2]
["Caqui",1,1.2,1.2,1.2,1.2]
["Pepino",1,{"v":1,"d":"1.0"},{"v":1,"d":"1.0"},{"v":1,"d":"1.0"},{"v":1,"d":"1.0"}]
["Brocolos (ou brocolis)",1,{"v":1,"d":"1.0"},{"v":1,"d":"1.0"},{"v":1,"d":"1.0"},{"v":1,"d":"1.0"}]
["Limao",1,0.8,0.8,0.8,0.8]
["Pomar domestico",2,0.2,0.4,0.6,0.8]
["Goiaba",1,0.7,0.7,0.7,0.7]
["Laranja-azeda",1,0.6,0.6,0.6,0.6]
["Acerola (ou cereja-das-antilhas)",1,0.3,0.3,0.3,0.3]
["Alface",1,0.2,0.2,0.2,0.2]
["Fonte: Secretaria de Agricultura e Abastecimento, CDRS/IEA, Projeto LUPA."]